[Event "V Festival A"]
[Site "Nichelino ITA"]
[Date "2004.10.08"]
[Round "2"]
[White "Guglielmi, Nicolo'"]
[Black "D'Amato, Piergiorgio"]
[Result "1-0"]
[WhiteElo "1997"]
[BlackElo "1789"]
[PlyCount "40"]
[EventDate "2004.10.07"]

1. Nf3 g6 2. e4 d6 3. d4 Bg7 4. Be3 Nf6 5. Nbd2 O-O 6. h3 Nbd7 7. Be2 c5 8. O-O
a6 9. a4 b6 10. c3 Bb7 11. d5 Qc7 12. Qc2 e6 13. c4 e5 14. Nh2 Ne8 15. Bg4 Ndf6
16. Rfe1 Bc8 17. Bd1 Qe7 18. Bg5 h6 19. Be3 Kh7 20. f4 Ng8 1-0

[Event "V Festival A"]
[Site "Nichelino ITA"]
[Date "2004.10.08"]
[Round "2"]
[White "Gussone, Claudio"]
[Black "Berutti, Mario"]
[Result "1-0"]
[WhiteElo "1980"]
[BlackElo "1814"]
[PlyCount "79"]
[EventDate "2004.10.07"]

1. c4 e6 2. Nf3 d5 3. d4 f5 4. g3 Nf6 5. Bg2 c6 6. cxd5 exd5 7. O-O Bd6 8. Nc3
O-O 9. Bg5 Nbd7 10. e3 Qe8 11. Re1 Ne4 12. Bf4 Bxf4 13. exf4 Qh5 14. Ne5 Qxd1
15. Raxd1 Nxe5 16. fxe5 Nxc3 17. bxc3 f4 18. e6 fxg3 19. hxg3 Re8 20. Bh3 Kf8
21. Re5 Ke7 22. Rde1 Kd6 23. f4 Re7 24. f5 b6 25. g4 Ba6 26. g5 Rae8 27. R1e3
Bc8 28. Kg2 c5 29. Rf3 b5 30. f6 Rc7 31. fxg7 Rg8 32. Rff5 Rgxg7 33. Rxd5+ Ke7
34. Rxc5 Rxc5 35. Rxc5 Bb7+ 36. Kf2 a6 37. Rc7+ Kf8 38. Rxg7 Kxg7 39. Ke3 a5
40. a3 1-0

[Event "V Festival A"]
[Site "Nichelino ITA"]
[Date "2004.10.08"]
[Round "2"]
[White "Kidane, Robel"]
[Black "Paragua, Mark"]
[Result "0-1"]
[WhiteElo "2095"]
[BlackElo "2534"]
[PlyCount "84"]
[EventDate "2004.10.07"]

1. e4 c5 2. Nf3 d6 3. d4 cxd4 4. Nxd4 Nf6 5. Nc3 Nc6 6. Bg5 Qb6 7. Nb3 e6 8.
Qd2 a6 9. Bxf6 gxf6 10. f4 Bd7 11. O-O-O O-O-O 12. g3 Kb8 13. Kb1 Rc8 14. Bh3
Qc7 15. Rhe1 Be7 16. Bg2 Rhd8 17. Bf3 Be8 18. Re3 Bf8 19. Ne2 Qb6 20. Nc3 Nb4
21. Qd4 Qxd4 22. Nxd4 Nc6 23. Nb3 Ne7 24. Red3 Ng6 25. Bh5 Be7 26. Bxg6 hxg6
27. g4 Bd7 28. h3 Bc6 29. Nd4 Rh8 30. Rf1 Rh7 31. Kc1 Bd7 32. Nde2 Rch8 33. Ng1
Bc6 34. Re1 Bd8 35. f5 Bc7 36. fxg6 fxg6 37. Ree3 Bb6 38. Rg3 Bf2 39. Rg2 Bc5
40. Rgg3 b5 41. a3 a5 42. Nce2 b4 0-1

[Event "V Festival A"]
[Site "Nichelino ITA"]
[Date "2004.10.08"]
[Round "2"]
[White "Lissandrello, Luca"]
[Black "Fortino, Fabrizio"]
[Result "0-1"]
[WhiteElo "1730"]
[BlackElo "1918"]
[PlyCount "94"]
[EventDate "2004.10.07"]

1. e4 c5 2. c3 d5 3. exd5 Qxd5 4. d4 cxd4 5. cxd4 Nc6 6. Nf3 Bg4 7. Be2 e6 8.
Nc3 Qa5 9. O-O Nf6 10. Bf4 Rd8 11. Nb5 Nd5 12. Bg5 Be7 13. b4 Ncxb4 14. Bd2 a6
15. a3 axb5 16. axb4 Qb6 17. Ra5 Bxf3 18. Bxb5+ Qxb5 19. Qxf3 Qd7 20. Qg3 Bf6
21. Rc1 O-O 22. h4 Qe7 23. h5 Qd6 24. Qg4 Nxb4 25. h6 Qxd4 26. Qxd4 Rxd4 27.
hxg7 Bxg7 28. Bc3 Rc4 29. Rg5 f6 30. Rg3 Rfc8 31. Kh2 Rh4+ 32. Kg1 Na2 33.
Rxg7+ Kxg7 34. Bxf6+ Kxf6 35. Rxc8 b5 36. Rc2 Ra4 37. Kf1 b4 38. Rb2 Nc3 39.
Ke1 Ra1+ 40. Kd2 Ra2 41. Rxa2 Nxa2 42. Kc2 Nc3 43. Kb3 Nd5 44. Kc4 Ke5 45. g3
Ke4 46. f4 Nxf4 47. gxf4 h5 0-1

[Event "V Festival A"]
[Site "Nichelino ITA"]
[Date "2004.10.08"]
[Round "2"]
[White "Malano, Francesco"]
[Black "Catana, Costel"]
[Result "0-1"]
[WhiteElo "2060"]
[BlackElo "2100"]
[PlyCount "72"]
[EventDate "2004.10.07"]

1. Nf3 c5 2. c4 Nf6 3. Nc3 Nc6 4. d4 cxd4 5. Nxd4 g6 6. e4 d6 7. Be2 Bg7 8. Be3
O-O 9. O-O a6 10. f3 Bd7 11. Qd2 Rc8 12. Rac1 Ne5 13. b3 Re8 14. h3 Qa5 15. f4
Nc6 16. Bf3 Rcd8 17. Nxc6 Bxc6 18. g4 Nd7 19. Ne2 Qxd2 20. Bxd2 Nc5 21. Ng3
Bd4+ 22. Kg2 Nd3 23. Rc2 Rc8 24. Ne2 Bg7 25. Bc3 b5 26. Bxg7 Kxg7 27. Rd1 bxc4
28. bxc4 Ba4 29. Rxd3 Bxc2 30. Rc3 Ba4 31. e5 dxe5 32. Bb7 Bc6+ 33. Bxc6 Rxc6
34. fxe5 Rec8 35. Ra3 Rxc4 36. Rxa6 Re4 0-1

[Event "V Festival A"]
[Site "Nichelino ITA"]
[Date "2004.10.08"]
[Round "2"]
[White "Mrdja, Milan"]
[Black "Sorcinelli, Francesco"]
[Result "1-0"]
[WhiteElo "2420"]
[BlackElo "2086"]
[PlyCount "63"]
[EventDate "2004.10.07"]

1. e4 c5 2. Nf3 d6 3. c3 Nf6 4. Bd3 Bg4 5. Bc2 Nc6 6. d3 g6 7. Nbd2 Bg7 8. h3
Bxf3 9. Nxf3 Nd7 10. h4 h6 11. h5 g5 12. Nh2 b5 13. a3 Qb6 14. Be3 a5 15. O-O
e5 16. Ng4 O-O 17. Bb3 Ne7 18. Qf3 Qc7 19. Ba2 a4 20. Rad1 Rac8 21. Bc1 Nb6 22.
Bxg5 hxg5 23. h6 Bxh6 24. Nxh6+ Kg7 25. Qh5 f6 26. Ng4 Ng8 27. Be6 Rcd8 28. g3
d5 29. Kg2 Rf7 30. Rh1 Kf8 31. Nh6 Nxh6 32. Qxh6+ 1-0

[Event "V Festival A"]
[Site "Nichelino ITA"]
[Date "2004.10.08"]
[Round "2"]
[White "Quagliana, Giuseppe"]
[Black "Ferretti, Rolando"]
[Result "1-0"]
[WhiteElo "1879"]
[BlackElo "1724"]
[PlyCount "71"]
[EventDate "2004.10.07"]

1. d4 d5 2. c4 Nf6 3. Nc3 c6 4. cxd5 cxd5 5. Nf3 Nc6 6. Bf4 a6 7. e3 Qb6 8. a3
e6 9. Be2 Be7 10. O-O O-O 11. Na4 Qd8 12. Ne5 Nxe5 13. Bxe5 Nd7 14. Bg3 b5 15.
Nc3 Bb7 16. Rc1 Rc8 17. Nb1 Nf6 18. Nd2 Rxc1 19. Qxc1 Qc8 20. Qb1 Qd7 21. Bd3
Rc8 22. Nb3 h6 23. h3 Ne8 24. Be5 Nd6 25. Nc5 Qc6 26. Bxd6 Bxd6 27. b4 Bb8 28.
f4 Ba8 29. Qe1 Bc7 30. Qh4 Bd8 31. Qh5 Bf6 32. g4 Qc7 33. Kg2 Qd8 34. g5 hxg5
35. fxg5 Bxg5 36. Qh7+ 1-0

[Event "V Festival A"]
[Site "Nichelino ITA"]
[Date "2004.10.08"]
[Round "2"]
[White "Racioppo, Paolo"]
[Black "Ranieri, Fabrizio"]
[Result "0-1"]
[WhiteElo "2214"]
[BlackElo "2213"]
[PlyCount "116"]
[EventDate "2004.10.07"]

1. f4 d5 2. Nf3 Nf6 3. e3 Bg4 4. b3 Nc6 5. Bb5 Qd7 6. Bb2 a6 7. Be2 Bxf3 8.
Bxf3 e6 9. O-O Bd6 10. c4 Ne7 11. Bxf6 gxf6 12. Nc3 c6 13. Qc2 f5 14. Na4 Rb8
15. Qb2 O-O 16. c5 Bc7 17. Kh1 d4 18. Qc2 Rbd8 19. Rad1 Ng6 20. Nb2 dxe3 21.
dxe3 Qe7 22. b4 Rxd1 23. Rxd1 Rd8 24. Nc4 Rxd1+ 25. Qxd1 Nf8 26. g3 Qd7 27. Qd4
Qxd4 28. exd4 Nd7 29. Kg2 Kf8 30. Kf2 Ke7 31. Ke3 Nf6 32. h3 Kd7 33. a3 Ke7 34.
a4 Kd7 35. g4 fxg4 36. hxg4 Nd5+ 37. Bxd5 exd5 38. Nd2 Ke6 39. Nf3 Bd8 40. a5
h6 41. f5+ Kf6 42. Ne5 Bc7 43. Nf3 Bg3 44. Kd3 Bf4 45. Ke2 Bg3 46. Ke3 Bc7 47.
Ng1 Bb8 48. Kf3 Kg5 49. Nh3+ Kh4 50. Nf2 h5 51. gxh5 Kxh5 52. Nh3 Kh4 53. Nf4
Bxf4 54. Kxf4 f6 55. Kf3 Kg5 56. Kg3 Kxf5 57. Kf3 Kg5 58. Ke3 Kg4 0-1

[Event "V Festival A"]
[Site "Nichelino ITA"]
[Date "2004.10.08"]
[Round "2"]
[White "Rotundo, Raffaele"]
[Black "Castaldo, Folco"]
[Result "0-1"]
[WhiteElo "2123"]
[BlackElo "2361"]
[PlyCount "42"]
[EventDate "2004.10.07"]

1. e4 d6 2. d4 Nf6 3. Nc3 g6 4. g3 Bg7 5. Bg2 O-O 6. Bg5 Nbd7 7. Qd2 c5 8. Nge2
cxd4 9. Nxd4 Ne5 10. O-O Nc4 11. Qe2 Nxb2 12. Bc1 Nd7 13. Ncb5 Na4 14. Be3 a6
15. Na3 Ne5 16. h3 Bd7 17. Qd2 Nb6 18. Bh6 Nbc4 19. Nxc4 Nxc4 20. Qc3 Bxh6 21.
Qxc4 e5 0-1

[Event "V Festival A"]
[Site "Nichelino ITA"]
[Date "2004.10.09"]
[Round "3"]
[White "Berutti, Mario"]
[Black "Ferrero, Oscar"]
[Result "1-0"]
[WhiteElo "1814"]
[BlackElo "1711"]
[PlyCount "81"]
[EventDate "2004.10.07"]

1. d4 g6 2. e4 c6 3. Nc3 d5 4. f3 Bg7 5. Be3 dxe4 6. fxe4 Nf6 7. Be2 Qa5 8. Qd2
Ng4 9. Bxg4 Bxg4 10. Nf3 Bxf3 11. gxf3 Nd7 12. O-O Nb6 13. Qe2 Na4 14. Nxa4
Qxa4 15. c4 Rd8 16. b3 Qa5 17. Rad1 Qh5 18. Qc2 Bh6 19. Bxh6 Qxh6 20. f4 e5 21.
fxe5 Qe3+ 22. Qf2 Qxf2+ 23. Rxf2 O-O 24. Kg2 Rfe8 25. Kf3 c5 26. Kf4 Rxd4 27.
Rxd4 cxd4 28. Rd2 Rd8 29. e6 fxe6 30. Ke5 Kf7 31. Rxd4 Rxd4 32. Kxd4 Kf6 33.
e5+ Kf5 34. b4 h5 35. b5 g5 36. c5 h4 37. c6 bxc6 38. bxc6 g4 39. Ke3 g3 40. h3
Kxe5 41. c7 1-0

[Event "V Festival A"]
[Site "Nichelino ITA"]
[Date "2004.10.09"]
[Round "3"]
[White "Castaldo, Folco"]
[Black "Nardelli, Marco"]
[Result "1-0"]
[WhiteElo "2361"]
[BlackElo "1999"]
[PlyCount "79"]
[EventDate "2004.10.07"]

1. Nf3 Nf6 2. c4 b6 3. g3 Bb7 4. Bg2 e6 5. O-O Be7 6. Nc3 O-O 7. d4 d5 8. Ne5
Ne4 9. Qa4 Nxc3 10. bxc3 c5 11. Bf4 g5 12. Be3 f6 13. Nd3 Bc6 14. Qb3 dxc4 15.
Qxc4 Bd5 16. Qa4 c4 17. Ne1 Qd7 18. Qc2 Nc6 19. f3 Nd8 20. Bf2 Bc6 21. e4 e5
22. Qe2 b5 23. Nc2 Nf7 24. Rad1 Qc7 25. Ne3 Rfd8 26. Nf5 Bf8 27. f4 exf4 28.
gxf4 Nd6 29. d5 Nxf5 30. dxc6 Nh4 31. Bxh4 gxh4 32. e5 Kh8 33. exf6 h6 34. Bd5
Re8 35. Qg4 Bc5+ 36. Kh1 Rg8 37. Bxg8 Rxg8 38. Qd7 Qa5 39. f7 Rf8 40. Qd5 1-0

[Event "V Festival A"]
[Site "Nichelino ITA"]
[Date "2004.10.09"]
[Round "3"]
[White "Catana, Costel"]
[Black "Racioppo, Paolo"]
[Result "1/2-1/2"]
[WhiteElo "2100"]
[BlackElo "2214"]
[PlyCount "88"]
[EventDate "2004.10.07"]

1. e4 c5 2. Nf3 a6 3. d4 cxd4 4. Nxd4 Nf6 5. Nc3 e5 6. Nf3 Bb4 7. Bc4 Qc7 8.
Qd3 d6 9. O-O O-O 10. h3 Nbd7 11. Nd5 Nxd5 12. Bxd5 Nf6 13. Bb3 h6 14. Be3 Bd7
15. c3 Bb5 16. Qc2 Bxf1 17. Rxf1 Bc5 18. Bc1 Qc6 19. Re1 Rac8 20. Nh4 Rc7 21.
Qe2 Kh7 22. Qf3 Qd7 23. Nf5 Ng8 24. Qg3 f6 25. Qh4 Qe8 26. Rd1 Rd7 27. Rd3 Kh8
28. g4 g5 29. Qg3 Qg6 30. Be6 Rc7 31. h4 a5 32. Bd2 Rfc8 33. Qh2 Rh7 34. Ng3
Ne7 35. Nf5 Qe8 36. hxg5 fxg5 37. Nxe7 Qxe7 38. Bf5 Rf8 39. Rh3 Kg8 40. Rh5 Rh8
41. Qg3 Rf6 42. Qh3 Qf8 43. Qf3 Qf7 44. Qh3 Qf8 1/2-1/2

[Event "V Festival A"]
[Site "Nichelino ITA"]
[Date "2004.10.09"]
[Round "3"]
[White "Ferrario, Enrico"]
[Black "Kidane, Robel"]
[Result "0-1"]
[WhiteElo "1888"]
[BlackElo "2095"]
[PlyCount "94"]
[EventDate "2004.10.07"]

1. e4 c5 2. Nc3 d6 3. Nf3 Nf6 4. g3 Nc6 5. Bg2 g6 6. O-O Bg7 7. d3 O-O 8. Ne2
Rb8 9. Nh4 b5 10. f4 Qc7 11. h3 a5 12. g4 Ba6 13. Ng3 b4 14. g5 Nd7 15. Nf3 Qb6
16. Kh2 c4 17. dxc4 Bxc4 18. Re1 Qc7 19. f5 Nc5 20. f6 exf6 21. Bf4 Ne5 22. b3
Ba6 23. Rc1 Ne6 24. Be3 Nxf3+ 25. Qxf3 fxg5 26. Red1 Be5 27. Kh1 Rbc8 28. Bf1
Bxf1 29. Nxf1 Nf4 30. Nd2 Qd7 31. h4 g4 32. Qf1 Nh5 33. Kg2 f5 34. Nc4 Qc6 35.
Rd5 f4 36. Nxe5 dxe5 37. Bc5 f3+ 38. Kf2 g3+ 39. Kg1 f2+ 40. Kg2 Nf4+ 41. Kxg3
Nxd5 42. Bxf8 Qc3+ 43. Kh2 Ne3 44. Qa6 f1=N+ 45. Kg1 Rxf8 46. Qe6+ Rf7 47. Rxf1
Nxf1 0-1

[Event "V Festival A"]
[Site "Nichelino ITA"]
[Date "2004.10.09"]
[Round "3"]
[White "Ferretti, Rolando"]
[Black "Gaggino, Davide"]
[Result "0-1"]
[WhiteElo "1724"]
[BlackElo "1889"]
[PlyCount "96"]
[EventDate "2004.10.07"]

1. c4 Nf6 2. d4 g6 3. Nf3 Bg7 4. Nc3 O-O 5. e4 d6 6. Be2 e5 7. d5 a5 8. O-O Na6
9. Nd2 Nc5 10. f3 Nh5 11. Nb3 Na6 12. a3 b6 13. Be3 Nf4 14. Nc1 Qg5 15. Bxf4
exf4 16. Nd3 Bh3 17. Ne1 h5 18. Kh1 Bd7 19. Nd3 Nc5 20. Nxc5 bxc5 21. Qd2 h4
22. Bd3 Bd4 23. Ne2 Be3 24. Qd1 a4 25. Rb1 Rfb8 26. Bc2 Qf6 27. Nc3 Bd4 28. Qd2
g5 29. Qd3 Qe5 30. Rfd1 Kg7 31. h3 Rh8 32. Rd2 Qe8 33. b4 axb3 34. Rxb3 Qc8 35.
Nb5 Be3 36. Re2 Bxh3 37. Rxe3 fxe3 38. Qxe3 f6 39. f4 Bxg2+ 40. Kxg2 Qg4+ 41.
Kh2 h3 42. Qf3 Rh4 43. Qxg4 Rxg4 44. Kxh3 Rxf4 45. Nxc7 Rh8+ 46. Kg3 Rfh4 47.
Ne6+ Kg6 48. Bb1 Rh3+ 0-1

[Event "V Festival A"]
[Site "Nichelino ITA"]
[Date "2004.10.09"]
[Round "3"]
[White "Fortino, Fabrizio"]
[Black "Rotundo, Raffaele"]
[Result "1-0"]
[WhiteElo "1918"]
[BlackElo "2123"]
[PlyCount "89"]
[EventDate "2004.10.07"]

1. e4 e6 2. d4 d5 3. Nc3 Bb4 4. e5 c5 5. a3 Bxc3+ 6. bxc3 Qc7 7. Nf3 b6 8. Bd3
Ba6 9. Bxa6 Nxa6 10. Qd3 Nb8 11. O-O Ne7 12. a4 Nd7 13. Ba3 O-O 14. Ng5 Ng6 15.
h4 h6 16. Nxe6 fxe6 17. Qxg6 Rae8 18. Bc1 Kh8 19. f4 Qd8 20. Rf3 Rf5 21. Qg4
Re7 22. h5 Qe8 23. Rh3 Nb8 24. Qf3 Nc6 25. g4 Rff7 26. Ba3 Rc7 27. Qf2 cxd4 28.
cxd4 Ne7 29. Bd6 Rc4 30. a5 bxa5 31. Rxa5 Nc6 32. Rc5 Rxd4 33. Rf3 Rb7 34. Kg2
Ra4 35. Rfc3 d4 36. R3c4 Rxc4 37. Rxc4 Rb2 38. Qf3 Rb6 39. Bc5 Ra6 40. Bxd4
Nxd4 41. Rxd4 Rc6 42. Qd3 Rc8 43. c4 Qc6+ 44. Qf3 Qxf3+ 45. Kxf3 1-0

[Event "V Festival A"]
[Site "Nichelino ITA"]
[Date "2004.10.09"]
[Round "3"]
[White "Lorusso, Giuseppe"]
[Black "Gussone, Claudio"]
[Result "1-0"]
[WhiteElo "1987"]
[BlackElo "1980"]
[PlyCount "73"]
[EventDate "2004.10.07"]

1. d4 d6 2. c4 Nf6 3. Nc3 g6 4. e4 Bg7 5. Nf3 O-O 6. Be2 e5 7. O-O Nc6 8. d5
Ne7 9. Ne1 Nd7 10. Nd3 f5 11. Bd2 Nf6 12. f3 f4 13. c5 g5 14. cxd6 cxd6 15. Nf2
h5 16. h3 Ng6 17. a4 Rf7 18. Rc1 Qb6 19. Nb5 a6 20. a5 Qd8 21. Na3 Bd7 22. Nc4
Rc8 23. Nxd6 Rxc1 24. Qxc1 g4 25. Nxf7 Kxf7 26. hxg4 hxg4 27. fxg4 Nh4 28. g5
f3 29. Bxf3 Nxf3+ 30. gxf3 Nh5 31. Ng4 Ng3 32. Rf2 Kg6 33. Rg2 Nh5 34. Nf6 Nf4
35. Bxf4 exf4 36. Qxf4 Bb5 37. Qf5+ 1-0

[Event "V Festival A"]
[Site "Nichelino ITA"]
[Date "2004.10.09"]
[Round "3"]
[White "Matta, Francesca"]
[Black "Malano, Francesco"]
[Result "0-1"]
[WhiteElo "1857"]
[BlackElo "2060"]
[PlyCount "108"]
[EventDate "2004.10.07"]

1. e4 c5 2. Nc3 Nc6 3. g3 g6 4. Bg2 Bg7 5. d3 e6 6. f4 Nge7 7. Nf3 d6 8. O-O
O-O 9. Be3 Nd4 10. Rb1 Rb8 11. Ne2 Nxf3+ 12. Bxf3 Qc7 13. c3 d5 14. exd5 exd5
15. d4 Bf5 16. Ra1 c4 17. g4 Bd3 18. Rf2 Bxe2 19. Rxe2 Qd7 20. Bf2 Nc6 21. Qf1
Rfe8 22. Rae1 Rxe2 23. Rxe2 Kf8 24. Bg3 b5 25. f5 Re8 26. Rxe8+ Kxe8 27. fxg6
hxg6 28. Qg2 Ne7 29. Bh4 f6 30. Qe2 Kf7 31. Kf2 a5 32. a3 Nc6 33. Kf1 Bf8 34.
Qg2 Ne7 35. Qe2 Nc8 36. Qf2 Be7 37. Bg3 b4 38. axb4 axb4 39. Qd2 b3 40. Qh6 Bf8
41. Qe3 Nb6 42. Qf2 Bh6 43. Bd1 Na4 44. Qg2 Bc1 45. Bf3 Ke6 46. Qe2+ Kf7 47.
Qg2 Nb6 48. Qe2 Qe6 49. Qg2 Qd7 50. Qe2 Qe7 51. Qg2 Ke8 52. Bxd5 Bxb2 53. Qxb2
Nxd5 54. Qf2 Qe3 0-1

[Event "V Festival A"]
[Site "Nichelino ITA"]
[Date "2004.10.09"]
[Round "3"]
[White "Paragua, Mark"]
[Black "De Santis, Alessio"]
[Result "1-0"]
[WhiteElo "2534"]
[BlackElo "2268"]
[PlyCount "67"]
[EventDate "2004.10.07"]

1. e4 d6 2. d4 Nf6 3. Nc3 c6 4. f4 Qa5 5. Bd3 e5 6. Nf3 Bg4 7. Be3 Nbd7 8. O-O
Be7 9. h3 Bh5 10. Qd2 a6 11. g4 exf4 12. Bxf4 Bg6 13. Qh2 O-O-O 14. a3 Rhe8 15.
b4 Qb6 16. Kh1 Nf8 17. b5 axb5 18. d5 cxd5 19. exd5 Bxd3 20. cxd3 Ng6 21. Bg3
Kb8 22. Rab1 Rd7 23. Nxb5 Qa6 24. Nfd4 Bf8 25. Nf5 Nxd5 26. Nfxd6 Bxd6 27. Nxd6
Rxd6 28. Bxd6+ Ka8 29. Rxf7 Qc6 30. Kg1 Nh4 31. Qb2 b6 32. Qb5 Re1+ 33. Kf2
Re2+ 34. Kf1 1-0

[Event "V Festival A"]
[Site "Nichelino ITA"]
[Date "2004.10.09"]
[Round "3"]
[White "Pulito, Alberto"]
[Black "Quagliana, Giuseppe"]
[Result "1/2-1/2"]
[WhiteElo "2136"]
[BlackElo "1879"]
[PlyCount "76"]
[EventDate "2004.10.07"]

1. e4 e6 2. d4 d5 3. e5 c5 4. c3 Qb6 5. Nf3 Bd7 6. Be2 cxd4 7. cxd4 Bb5 8. O-O
Bxe2 9. Qxe2 Qa6 10. Qxa6 Nxa6 11. a3 Ne7 12. Nc3 Nc7 13. Be3 h6 14. Rac1 Kd7
15. Na4 b6 16. Rc2 Rc8 17. Rfc1 Nb5 18. Rxc8 Nxc8 19. Nd2 Ne7 20. Nc3 Nxc3 21.
Rxc3 Nc6 22. f4 g6 23. Kf2 Be7 24. Kf3 h5 25. h3 f5 26. exf6 Bxf6 27. Rd3 Na5
28. Rc3 Rc8 29. Rxc8 Kxc8 30. b4 Nb7 31. Ke2 Nd6 32. Kd3 Kd7 33. g4 hxg4 34.
hxg4 Ke7 35. a4 Kf7 36. Nf3 Nc4 37. Bc1 a6 38. Ne5+ Bxe5 1/2-1/2

[Event "V Festival A"]
[Site "Nichelino ITA"]
[Date "2004.10.09"]
[Round "3"]
[White "Ranieri, Fabrizio"]
[Black "Faraoni, Enrico"]
[Result "1-0"]
[WhiteElo "2213"]
[BlackElo "2162"]
[PlyCount "61"]
[EventDate "2004.10.07"]

1. e4 c5 2. Nf3 d6 3. d4 cxd4 4. Nxd4 Nf6 5. Nc3 g6 6. Be3 Bg7 7. f3 O-O 8. Qd2
Nc6 9. O-O-O d5 10. Qe1 e5 11. Nxc6 bxc6 12. Bc5 Rb8 13. Bc4 Be6 14. Bxf8 Qxf8
15. Bb3 Qb4 16. g4 Bh6+ 17. Kb1 dxe4 18. h4 exf3 19. g5 f2 20. Qd2 Bf8 21. gxf6
c5 22. Nd5 Qb7 23. Ne7+ Kh8 24. h5 c4 25. hxg6 fxg6 26. Nxg6+ Kg8 27. Qg5 h6
28. Ne7+ Kh7 29. Qg6+ Kh8 30. Qxh6+ Bxh6 31. Rxh6# 1-0

[Event "V Festival A"]
[Site "Nichelino ITA"]
[Date "2004.10.09"]
[Round "3"]
[White "Sorcinelli, Francesco"]
[Black "Domenichelli, Serafino"]
[Result "1-0"]
[WhiteElo "2086"]
[BlackElo "1805"]
[PlyCount "89"]
[EventDate "2004.10.07"]

1. e4 c5 2. Nf3 Nc6 3. Bb5 Nf6 4. Nc3 e6 5. O-O Be7 6. e5 Nd5 7. Nxd5 exd5 8.
c3 O-O 9. d4 d6 10. exd6 Qxd6 11. dxc5 Qxc5 12. Bd3 Be6 13. Be3 Qd6 14. Qc2 h6
15. Rad1 Qc7 16. Nd4 Rac8 17. Rfe1 Bf6 18. Bh7+ Kh8 19. Bf5 Bxd4 20. Bxd4 Qf4
21. Bxe6 Nxd4 22. Rxd4 Qxd4 23. Bxc8 Rxc8 24. Qf5 Qc4 25. Qxf7 Qxa2 26. Qxb7
Rg8 27. h3 a5 28. Rd1 a4 29. Rxd5 Qb1+ 30. Kh2 a3 31. Ra5 a2 32. Qa7 Qxb2 33.
c4 Qc2 34. Qa6 Qxf2 35. Rxa2 Qf4+ 36. g3 Qe4 37. c5 Rd8 38. c6 Rd1 39. Rg2 Rc1
40. Qc8+ Kh7 41. c7 Qc6 42. Qf5+ Kg8 43. h4 g5 44. c8=Q+ Qxc8 45. Qg6+ 1-0

[Event "V Festival A"]
[Site "Nichelino ITA"]
[Date "2004.10.09"]
[Round "3"]
[White "Stroppa, Daniel"]
[Black "Mrdja, Milan"]
[Result "0-1"]
[WhiteElo "2219"]
[BlackElo "2420"]
[PlyCount "158"]
[EventDate "2004.10.07"]

1. d4 d5 2. Nf3 Nc6 3. Bf4 Bf5 4. a3 e6 5. e3 f6 6. c4 Qd7 7. Nc3 Nge7 8. h3 g5
9. Bh2 h5 10. Bd3 g4 11. Ng1 Bxd3 12. Qxd3 Nf5 13. cxd5 exd5 14. Nge2 gxh3 15.
gxh3 O-O-O 16. Nf4 Nfe7 17. O-O-O Bh6 18. Nfe2 a6 19. Kb1 Qf5 20. Qxf5+ Nxf5
21. Bf4 Bg5 22. Rdg1 Bh4 23. Rg2 Rd7 24. Rhg1 Nd8 25. Nd1 Ne6 26. Rg8+ Rd8 27.
Rxh8 Rxh8 28. Bh2 Ng5 29. Nf4 Nf3 30. Rh1 c6 31. Ng6 Rg8 32. Nxh4 N5xh4 33. Bg3
Nf5 34. Bf4 Rg1 35. Rxg1 Nxg1 36. Kc2 Nxh3 37. Bh2 Ng5 38. Kd3 Nf3 39. Bf4 Kd7
40. Ke2 Ng5 41. f3 Ne6 42. Bh2 b6 43. Nc3 b5 44. Nd1 a5 45. Nf2 a4 46. Nd1 Ng5
47. Nf2 Nh4 48. f4 Ne4 49. Nd3 Nf5 50. Bg1 Ke6 51. Kf3 Ne7 52. Bh2 Kf5 53. Bg1
Nd2+ 54. Ke2 Nc4 55. Kf3 Ng6 56. Bf2 Ne7 57. Be1 Ng6 58. Bb4 Ke6 59. Nc5+ Kf5
60. Nd3 h4 61. Be1 h3 62. Bg3 Ne7 63. Bh2 Ng6 64. Bg1 Nd6 65. Bh2 Ne4 66. Bg1
Ke6 67. Bh2 f5 68. Bg1 Kd6 69. Bh2 c5 70. Bg1 Nd2+ 71. Ke2 Nb3 72. dxc5+ Nxc5
73. Ne5 Nd7 74. Nd3 Nf6 75. Ne5 Ng4 76. Nf3 Kc5 77. Kd3 Kd6 78. Ke2 Kd7 79. Kd3
Kc6 0-1

[Event "V Festival A"]
[Site "Nichelino ITA"]
[Date "2004.10.09"]
[Round "4"]
[White "De Santis, Alessio"]
[Black "Sorcinelli, Francesco"]
[Result "1-0"]
[WhiteElo "2268"]
[BlackElo "2086"]
[PlyCount "83"]
[EventDate "2004.10.07"]

1. d4 Nf6 2. Nf3 e6 3. Nbd2 d5 4. e3 c5 5. c3 Nc6 6. Bd3 Qc7 7. O-O b6 8. Re1
Bb7 9. Qa4 Bd6 10. e4 dxe4 11. Nxe4 Nxe4 12. Bxe4 O-O 13. dxc5 Bxc5 14. Bxh7+
Kxh7 15. Qh4+ Kg8 16. Ng5 Rfd8 17. Bf4 e5 18. Qh7+ Kf8 19. Qh8+ Ke7 20. Qxg7
Kd7 21. Qxf7+ Kc8 22. Qxc7+ Kxc7 23. Ne6+ Kc8 24. Nxd8 exf4 25. Nxb7 Kxb7 26.
Rad1 Kc7 27. Re6 a5 28. Rf6 Rf8 29. Rxf8 Bxf8 30. Rd5 Bd6 31. g4 Ne5 32. h3 Kc6
33. Rd1 Bc5 34. Kg2 Bd6 35. b3 Kd7 36. f3 Ng6 37. Rd5 Ke6 38. c4 Be7 39. Kf1
Nh4 40. Ke2 Bc5 41. Rh5 Be7 42. Rh6+ 1-0

[Event "V Festival A"]
[Site "Nichelino ITA"]
[Date "2004.10.09"]
[Round "4"]
[White "Domenichelli, Serafino"]
[Black "Berutti, Mario"]
[Result "1-0"]
[WhiteElo "1805"]
[BlackElo "1814"]
[PlyCount "85"]
[EventDate "2004.10.07"]

1. e4 e5 2. Nf3 Nf6 3. Nc3 Nc6 4. d4 exd4 5. Nxd4 Bb4 6. Bg5 O-O 7. Be2 d5 8.
Nxc6 bxc6 9. e5 h6 10. exf6 hxg5 11. fxg7 Kxg7 12. Qd4+ Qf6 13. Qxb4 Re8 14.
O-O-O Qxf2 15. Qd4+ Qxd4 16. Rxd4 Bb7 17. Bf3 c5 18. Rd2 c6 19. Re2 Ba6 20.
Rxe8 Rxe8 21. Kd2 f5 22. h3 Kf6 23. Re1 Rb8 24. b3 c4 25. bxc4 Bxc4 26. Be2
Bxe2 27. Rxe2 d4 28. Na4 Rb5 29. Kd3 Ra5 30. Nb2 Rxa2 31. Nc4 c5 32. Re1 a5 33.
Rb1 a4 34. Rb6+ Kf7 35. Rb5 Ra1 36. Rxc5 Kg6 37. Kxd4 Rg1 38. Ne5+ Kf6 39. Rc6+
Ke7 40. g4 Rd1+ 41. Kc3 f4 42. Nf3 Re1 43. Nxe1 1-0

[Event "V Festival A"]
[Site "Nichelino ITA"]
[Date "2004.10.09"]
[Round "4"]
[White "Faraoni, Enrico"]
[Black "Lissandrello, Luca"]
[Result "1-0"]
[WhiteElo "2162"]
[BlackElo "1730"]
[PlyCount "89"]
[EventDate "2004.10.07"]

1. e4 c5 2. Nf3 Nc6 3. Nc3 Nf6 4. Bc4 d6 5. d4 cxd4 6. Nxd4 e5 7. Nde2 Be7 8.
Bg5 Be6 9. Bxe6 fxe6 10. Qd2 O-O 11. f3 Qb6 12. Be3 Qb4 13. a3 Qa5 14. Rd1 a6
15. O-O Rad8 16. b4 Qc7 17. Na4 Qd7 18. Nb6 Qe8 19. c4 Qf7 20. Qa2 Nh5 21. b5
axb5 22. cxb5 Nb8 23. Rc1 Nf4 24. Bxf4 exf4 25. Rc7 Qf6 26. Rfc1 Rfe8 27. Rxb7
Qe5 28. a4 Bf6 29. Rxb8 Rxb8 30. Nd7 Qb2 31. Qxb2 Bxb2 32. Rc2 Be5 33. Nxb8
Rxb8 34. g3 fxg3 35. hxg3 g5 36. f4 gxf4 37. gxf4 Bf6 38. Rc6 Be7 39. Nd4 Kf7
40. Rc7 Re8 41. Nc6 Kf8 42. b6 Bd8 43. Nxd8 Rxd8 44. b7 Ke8 45. Rxh7 1-0

[Event "V Festival A"]
[Site "Nichelino ITA"]
[Date "2004.10.09"]
[Round "4"]
[White "Gaggino, Davide"]
[Black "Ferrario, Enrico"]
[Result "0-1"]
[WhiteElo "1889"]
[BlackElo "1888"]
[PlyCount "126"]
[EventDate "2004.10.07"]

1. Nf3 Nc6 2. d4 d6 3. e4 Bg4 4. Be2 Nf6 5. Nc3 e5 6. d5 Ne7 7. h3 Bh5 8. Bg5
a6 9. Qd2 Qd7 10. O-O-O Bg6 11. Bd3 h6 12. Be3 c6 13. g4 cxd5 14. exd5 e4 15.
Nh4 exd3 16. Nxg6 Nxg6 17. Qxd3 Be7 18. g5 hxg5 19. Bxg5 O-O 20. h4 Nh7 21.
Bxe7 Nxe7 22. Ne4 Qf5 23. Qd4 Rfc8 24. c3 Qe5 25. Qxe5 dxe5 26. d6 Nc6 27. d7
Rc7 28. Nc5 b6 29. Nxa6 Rxa6 30. d8=Q+ Nxd8 31. Rxd8+ Nf8 32. Rhd1 Rxa2 33. Kb1
Rca7 34. Re8 f6 35. Rdd8 Rf7 36. Rb8 Ra4 37. b4 g6 38. Rxb6 Kg7 39. Rbb8 Nh7
40. Kb2 Rfa7 41. Rec8 Ra2+ 42. Kb3 Rxf2 43. b5 Rf1 44. b6 Rb1+ 45. Kc2 Rxb6 46.
Rxb6 f5 47. Rcb8 Nf8 48. R8b7+ Rxb7 49. Rxb7+ Kf6 50. c4 e4 51. Kc3 Ne6 52. Rb6
f4 53. c5 Ke5 54. Kc4 f3 55. Rb1 f2 56. Rf1 e3 57. Kd3 Kf4 58. c6 Kf3 59. Rc1
e2 60. c7 Nxc7 61. Rxc7 e1=Q 62. Rf7+ Kg3 63. Rf6 f1=Q+ 0-1